| 000 | 01155nam a2200313 i 4500 | ||
|---|---|---|---|
| 003 | EG-GICUC | ||
| 005 | 20260428204139.0 | ||
| 008 | 260428s1935 fr |||fr|||| 000 0 fre d | ||
| 040 |
_aEG-GiCUC _bfre _cEG-GiCUC _dEG-GiCUC _eRda |
||
| 041 | 0 | _afre | |
| 082 | 0 | 4 |
_221 _a343.044 _bGA . T |
| 092 | 0 | 4 | _221 |
| 099 | _aLaw1 10 343.044 GA . T 3 èd - 1935 | ||
| 100 | 1 |
_aGarraud, Pierre _eAuteur |
|
| 245 | 1 | 0 |
_aTraité Théorique et Pratique du Droit Pénal Français. _nTome sixième / _cPar Pierre Garraud. |
| 250 | _aTroisième Édition | ||
| 264 | 1 |
_aParis : _bLibrairie De Recueil Sirey, _c1935. |
|
| 300 |
_aVI, 748 pages ; _c25 cm. |
||
| 336 |
_2rda contenu _a texte |
||
| 337 |
_2rda medias _aOrdinateur |
||
| 338 |
_2 transporteur rda _a Ressource en ligne |
||
| 500 | _aLa Première Édition De Cet Ouvrage A Été Couronnée Par L'Académie Des Sciences Morales Et Politiques : Prix Wolowski | ||
| 504 | _aComprend des références bibliographiques. | ||
| 546 | _aTexte en français | ||
| 650 | 0 | 4 |
_aDroit pénal _zFrance |
| 856 | 4 | 0 | _uhttps://fll.law.cu.edu.eg/fulltext/bks/B10-09095.pdf |
| 905 | _a43 | ||
| 942 |
_2ddc _cBK _e21 _n0 |
||
| 999 |
_c73997 _d73997 |
||